Psychology of Religion. (Record no. 8547)
[ view plain ]
| 000 -LEADER | |
|---|---|
| fixed length control field | 00590cam5a220021700 4500 |
| 001 - CONTROL NUMBER | |
| control field | zam00003662 |
| 008 - FIXED-LENGTH DATA ELEMENTS--GENERAL INFORMATION | |
| fixed length control field | 951128s1976 xx eng u |
| 035 ## - SYSTEM CONTROL NUMBER | |
| System control number | (Sirsi) r20981 |
| 035 ## - SYSTEM CONTROL NUMBER | |
| System control number | (MACHINE)SLC. |
| 100 ## - MAIN ENTRY--PERSONAL NAME | |
| Personal name | Faber, H. |
| Linkage | A82574.1 |
| 245 10 - TITLE STATEMENT | |
| Title | Psychology of Religion. |
| 260 ## - PUBLICATION, DISTRIBUTION, ETC. | |
| Date of publication, distribution, etc. | 1976. |
| 591 ## - | |
| -- | Class code: RS 920. |
| 591 ## - | |
| -- | Course: Psychology of religion. |
| 591 ## - | |
| -- | School: S03. |
| 591 ## - | |
| -- | Lecturer: Fr. CARMODY, B.P. |
| 591 ## - | |
| -- | Number of Students: 32. |
| 949 ## - LOCAL PROCESSING INFORMATION (OCLC) | |
| a | BF175 |
| w | lcc |
| c | 1 |
| m | MAIN |
| p | 2500 |
| t | SHORTLOAN |
| l | SHORTLOAN |
| 909 ## - | |
| -- | Book |
| Withdrawn status | Lost status | Source of classification or shelving scheme | Damaged status | Not for loan | Home library | Current library | Shelving location | Total Checkouts | Full call number | Barcode | Date last seen | Copy number | Price effective from | Koha item type |
|---|---|---|---|---|---|---|---|---|---|---|---|---|---|---|
| Library of Congress Classification | Main Library | Main Library | Academic reserves/Short loan | BF175 | 33729000113220 | 08/12/2019 | 1 | 08/12/2019 | Short Loan material |